Технологии нефти и газа: научно-технологический журнал

Podrobná bibliografie
Korporativní autor: Российский государственный университет нефти и газа им. И. М. Губкина (РГУ Нефти и Газа)
Shrnutí:Печатная подписка НТБ на журнал: 2006-2017, 2019-2021
Jazyk:ruština
Vydáno: Москва, ТУМА ГРУПП, 1998-
Témata:
On-line přístup:http://nitu.ru/tng.htm
http://elibrary.ru/title_about.asp?id=9156
Médium: MixedMaterials Elektronický zdroj Seriál
KOHA link:https://koha.lib.tpu.ru/cgi-bin/koha/opac-detail.pl?biblionumber=400846

MARC

LEADER 00000nas1a2200000 4500
001 400846
005 20250204083327.0
011 |a 1815-2600 
035 |a (RuTPU)RU\TPU\prd\43593 
090 |a 400846 
100 |a 20060523a19989999k||y0rusy50 ca 
101 0 |a rus 
102 |a RU 
110 |a agaz|||0uu0 
200 1 |a Технологии нефти и газа  |e научно-технологический журнал  |f Российский государственный университет нефти и газа им. И. М. Губкина (РГУ Нефти и Газа) 
210 |a Москва  |c ТУМА ГРУПП  |d 1998- 
300 |a Печатная подписка НТБ на журнал: 2006-2017, 2019-2021 
305 |a Издается с 1998 г. 
326 |a Периодичность - 6 номеров в год 
606 |a Газ и нефть  |x Добыча  |9 32791 
606 |a Нефть  |x Технология  |9 55869 
675 |a 622.32  |v 4 
675 |a 665.6  |v 4 
712 0 2 |a Российский государственный университет нефти и газа им. И. М. Губкина (РГУ Нефти и Газа)  |c (Москва)  |c (1998- )  |3 (RuTPU)RU\TPU\col\408 
801 1 |a RU  |b 63413507  |c 20060523  |g PSBO 
801 2 |a RU  |b 63413507  |c 20191004  |g PSBO 
856 4 |u http://nitu.ru/tng.htm  |z http://nitu.ru/tng.htm 
856 4 |u http://elibrary.ru/title_about.asp?id=9156  |z http://elibrary.ru/title_about.asp?id=9156 
942 |c CR